Laddar...

Ohari (Malayalam)

Bibliografiska uppgifter
Huvudupphovsman: K L Mohanavarmma
Materialtyp: Printed Book
Publicerad: Kottayam D C Books 1998
LEADER 00416nam a22001337a 4500
020 |a 81-7130-892-9 
082 |a 894.81 MOH/OH 
100 |a K L Mohanavarmma 
245 |a Ohari (Malayalam) 
260 |a Kottayam  |b D C Books  |c 1998 
300 |a 418 
942 |c BK 
999 |c 169275  |d 169275 
952 |0 0  |1 0  |4 0  |6 894_810000000000000_MOH_OH  |7 0  |9 174308  |a KAUCOAP  |b KAUCOAP  |d 2016-03-21  |o 894.81 MOH/OH  |p KAU_COAP06845  |r 2016-03-21  |w 2016-03-21  |y BK